00290nam a2200121Ia 4500008004100000020001500041041000800056082001100064100001500075245003000090260004000120300000800160230116s9999 xx 000 0 und d a0470204540 aeng a720.22 aDeasy C M. aDesign For Human Affairs. bJohn Willy And Sons New York.c1974 a184